Economic policy reforms 2017: going for growth

Enregistré dans:
Détails bibliographiques
Format: Livre
Langue:anglais
Publié: Paris OECD 2017
Collection:Economic policy reforms
Sujets:
Tags: Ajouter un tag
Pas de tags, Soyez le premier à ajouter un tag!

MARC

LEADER 00000nam a2200000 4500
001 0233590
005 20240314122840.9
020 |a 978-92-64-27031-2 
041 0 |a eng 
044 |a FR 
245 1 0 |a Economic policy reforms 2017: going for growth 
264 1 |a Paris  |b OECD  |c 2017 
300 |a 343 s. 
490 1 |a Economic policy reforms 
830 0 |a Economic policy reforms 
610 2 0 |a reformy štruktúrne 
610 2 0 |a produkt domáci hrubý 
610 2 0 |a rast hospodársky 
610 2 0 |a produktivita práce 
610 2 0 |a porovnanie štatistické medzinárodné